[Event "V Open A Carnevale"]
[Site "Milano ITA"]
[Date "2014.03.06"]
[Round "2"]
[White "Popovich, Fabio"]
[Black "Nepi, Ezio"]
[WhiteElo "1923"]
[BlackElo "1935"]
[Result "0-1"]
[PlyCount "98"]
[EventDate "2014.03.05"]

1. c4 c6 2. g3 d5 3. Nf3 Nf6 4. Bg2 dxc4 5. O-O Nbd7 6. Na3 Nb6 7. Qc2 g6 8.
Nxc4 Nxc4 9. Qxc4 Bg7 10. d3 O-O 11. Bd2 Nd5 12. Qc2 Qb6 13. Rab1 a5 14. a3 a4
15. e4 Nc7 16. Bb4 Re8 17. Nd2 Nb5 18. Bc5 Qd8 19. Nc4 Nd4 20. Qd1 Be6 21. Bxd4
Qxd4 22. Qe2 Red8 23. Rfd1 Qa7 24. Bf1 Rd4 25. h3 Rad8 26. Qe1 Bxc4 27. dxc4
Be5 28. Kg2 Qb6 29. Rxd4 Rxd4 30. Qe3 Qb3 31. Qxb3 axb3 32. Kf3 Bd6 33. Re1 Rd2
34. Re2 Rc2 35. Ke3 Rxc4 36. Kd3 Rc1 37. Bg2 Be5 38. f4 Bc7 39. Kd2 Rc2+ 40.
Kd3 Rc5 41. Bf3 Ba5 42. g4 Rc1 43. f5 c5 44. e5 c4+ 45. Ke3 c3 46. Bd5 Bb6+ 47.
Ke4 Rc2 48. Kd3 Rxe2 49. Kxe2 c2 0-1

[Event "V Open A Carnevale"]
[Site "Milano ITA"]
[Date "2014.03.06"]
[Round "2"]
[White "Sirena, Gianni"]
[Black "Podetti, Davide"]
[WhiteElo "2028"]
[BlackElo "1824"]
[Result "0-1"]
[PlyCount "54"]
[EventDate "2014.03.05"]

1. e4 e5 2. f4 Bc5 3. Nf3 d6 4. Bc4 Bg4 5. fxe5 Nc6 6. h3 Bxf3 7. Qxf3 Nxe5 8.
Qe2 Qh4+ 9. Kd1 Nf6 10. Bd3 Nfg4 11. Rf1 Nf2+ 12. Rxf2 Bxf2 13. Nc3 O-O 14. Nd5
c6 15. Ne3 Bxe3 16. Qxe3 f5 17. exf5 Rae8 18. c3 Ng4 19. Qf3 Nh2 20. g3 Qxh3
21. Qf4 Qh5+ 22. Kc2 Nf3 23. Qxd6 Ne1+ 24. Kb3 Qd1+ 25. Ka3 Qf3 26. Bc4+ Kh8
27. Be6 Nc2+ 0-1

[Event "V Open A Carnevale"]
[Site "Milano ITA"]
[Date "2014.03.07"]
[Round "3"]
[White "Motola, Jacopo"]
[Black "Sirena, Gianni"]
[WhiteElo "2062"]
[BlackElo "2028"]
[Result "1-0"]
[PlyCount "147"]
[EventDate "2014.03.05"]

1. e4 d6 2. Nf3 Nf6 3. c3 g6 4. Bd3 Bg7 5. O-O O-O 6. Bc2 Nbd7 7. d4 e5 8. Nbd2
Qe7 9. Re1 Nh5 10. Nc4 Rd8 11. Ne3 c6 12. a4 Nf8 13. b4 Ne6 14. g3 a6 15. d5
Nc7 16. c4 Nf6 17. Ra3 a5 18. bxa5 Rxa5 19. Bd2 Ra8 20. dxc6 bxc6 21. Qa1 Ne6
22. Bc3 Ba6 23. Nd2 c5 24. Bd3 Nd4 25. Ra2 Qd7 26. Bf1 Bh6 27. a5 Rdb8 28. Rb1
Qc7 29. Rab2 Bb7 30. Bd3 Bc6 31. Rxb8+ Rxb8 32. Rxb8+ Qxb8 33. Kg2 Qa8 34. Qb1
Bb7 35. Nd5 Ne8 36. Qb6 Bf8 37. Nb1 Kg7 38. Na3 Ne6 39. Bc2 Qa6 40. Qb2 Kg8 41.
Ba4 N8c7 42. Bd7 Qa8 43. Qb6 Na6 44. Nb5 Qb8 45. Bc6 Bc8 46. Nf6+ Kh8 47. Ne8
Nd4 48. Qxb8 Nxb8 49. Nbxd6 Bxd6 50. Nxd6 Ndxc6 51. Nxc8 Kg8 52. Nb6 Kf8 53.
Nd5 Na6 54. Nf6 Ke7 55. Nd5+ Kd6 56. Kf3 Nab4 57. Ke2 f5 58. f3 Na6 59. exf5
gxf5 60. Nf6 Nab4 61. a6 Nxa6 62. Nxh7 Ke6 63. h4 Nd4+ 64. Kf2 Nb8 65. h5 Nbc6
66. h6 Kf7 67. Ng5+ Kg6 68. h7 Kg7 69. f4 exf4 70. gxf4 Nb4 71. Ne6+ Kxh7 72.
Nxd4 Nd3+ 73. Ke3 cxd4+ 74. Kxd3 1-0

[Event "V Open A Carnevale"]
[Site "Milano ITA"]
[Date "2014.03.14"]
[Round "3"]
[White "Nepi, Ezio"]
[Black "Darvishi, Mahmood"]
[WhiteElo "1935"]
[BlackElo "2057"]
[Result "0-1"]
[PlyCount "140"]
[EventDate "2014.03.05"]

1. d4 d5 2. c4 e6 3. Nf3 c5 4. cxd5 exd5 5. g3 Nc6 6. Bg2 Nf6 7. O-O Be7 8.
dxc5 Bxc5 9. Nc3 h6 10. Na4 Bd6 11. Be3 b6 12. Nc3 Be7 13. Nd4 Ne5 14. Bf4 Ng6
15. Nc6 Qd7 16. Nxd5 Nxd5 17. Bxd5 Nxf4 18. gxf4 Bd6 19. e3 Bb7 20. Bxf7+ Kf8
21. Ne5 Qd8 22. Qh5 Bxe5 23. fxe5 Qe7 24. e6 Qf6 25. Rac1 g6 26. Qg4 Qe5 27.
Qb4+ Kg7 28. Qd4 Kf6 29. Rc7 Bd5 30. Qxe5+ Kxe5 31. Rd1 Bxa2 32. f4+ Kf6 33.
Kf2 Rhc8 34. Rcd7 Rc6 35. Rg1 g5 36. f5 Kxf5 37. Kf3 Bxe6 38. Bxe6+ Rxe6 39.
Rgd1 Rae8 40. R1d5+ Kg6 41. R5d6 a5 42. e4 Rf8+ 43. Ke3 Rxd6 44. Rxd6+ Rf6 45.
Rd8 Rc6 46. Kd4 b5 47. e5 Rc2 48. Rd6+ Kg7 49. Ra6 a4 50. Ra7+ Kg6 51. Ra6+ Kf7
52. Rxh6 Rxb2 53. Kd5 a3 54. e6+ Kg7 55. e7 Rd2+ 56. Kc5 Re2 57. Ra6 Kf7 58.
Rxa3 Kxe7 59. h3 Rb2 60. Rd3 Kf6 61. Kd5 Rf2 62. Kc5 Rf5+ 63. Kd4 Rf4+ 64. Ke3
b4 65. Rd5 Rh4 66. Rb5 Rxh3+ 67. Kf2 b3 68. Kg2 Rc3 69. Kf2 Rc2+ 70. Ke1 b2 0-1

[Event "V Open A Carnevale"]
[Site "Milano ITA"]
[Date "2014.03.07"]
[Round "3"]
[White "Pelizzola, Danilo"]
[Black "Battistella, Stefano"]
[WhiteElo "2121"]
[BlackElo "2063"]
[Result "1-0"]
[PlyCount "59"]
[EventDate "2014.03.05"]

1. e4 c6 2. d4 d5 3. Nd2 dxe4 4. Nxe4 Nf6 5. Ng3 h5 6. Bc4 h4 7. Nf1 e5 8. Nf3
exd4 9. Qxd4 Qxd4 10. Nxd4 h3 11. g3 a6 12. Ne3 c5 13. Nf3 Rh5 14. O-O b5 15.
Be2 Bb7 16. b3 Nbd7 17. Bb2 g6 18. Rfe1 Bg7 19. Rad1 O-O-O 20. Nh4 Rh7 21. Bf1
Ne4 22. Bxg7 Rxg7 23. Bxh3 Nc3 24. Rd3 Nxa2 25. Nd5 f5 26. Ne7+ Kc7 27. Nexg6
Be4 28. Rd2 Nb4 29. Nf4 Re8 30. Bxf5 1-0

[Event "V Open A Carnevale"]
[Site "Milano ITA"]
[Date "2014.03.07"]
[Round "3"]
[White "Petrone, Gianmario"]
[Black "Popovich, Fabio"]
[WhiteElo "2006"]
[BlackElo "1923"]
[Result "1-0"]
[PlyCount "99"]
[EventDate "2014.03.05"]

1. e4 g6 2. d4 Bg7 3. Nf3 d6 4. Nc3 a6 5. a4 b6 6. Be3 e6 7. Qd2 h6 8. Bc4 Ne7
9. h3 Bb7 10. Bf4 Nd7 11. O-O g5 12. Bh2 Ng6 13. Rad1 O-O 14. Rfe1 Nf6 15. Qe3
g4 16. Nd2 gxh3 17. Qxh3 Nh7 18. Qe3 Qf6 19. Nf3 Ng5 20. Nxg5 hxg5 21. e5 Qe7
22. Bd3 dxe5 23. dxe5 Nh4 24. Be4 Nf5 25. Qc1 Bxe4 26. Nxe4 Rad8 27. Qxg5 Qxg5
28. Nxg5 Bh6 29. Bf4 Nd4 30. Rd2 f6 31. exf6 Rxf6 32. Be3 Bxg5 33. Bxg5 Rg6 34.
Bxd8 Nf3+ 35. Kf1 Nxd2+ 36. Ke2 Nc4 37. b3 Nd6 38. Bxc7 Nf5 39. Bxb6 Rxg2 40.
c4 Rg7 41. Kd3 Rd7+ 42. Kc3 Kf7 43. Re2 Ke7 44. Rd2 Rb7 45. c5 e5 46. Kc4 Nd4
47. f4 Nc6 48. Rh2 Ke6 49. Rh6+ Kd7 50. Rd6+ 1-0

[Event "V Open A Carnevale"]
[Site "Milano ITA"]
[Date "2014.03.07"]
[Round "3"]
[White "Podetti, Davide"]
[Black "Guidi, Giacomo G."]
[WhiteElo "1824"]
[BlackElo "1999"]
[Result "1-0"]
[PlyCount "55"]
[EventDate "2014.03.05"]

1. e4 c5 2. Nc3 Nc6 3. f4 e6 4. Nf3 d5 5. d3 Nge7 6. g3 g6 7. Bg2 Bg7 8. O-O
Bxc3 9. bxc3 dxe4 10. dxe4 O-O 11. Be3 b6 12. Qe2 f5 13. exf5 exf5 14. Ne5 Qc7
15. Rad1 Rb8 16. Qc4+ Kg7 17. Rd2 Na5 18. Qd3 Be6 19. Rfd1 Nb7 20. Qa6 Rfd8 21.
Qxa7 Nc8 22. Qa3 Ncd6 23. Bd5 Ra8 24. Qb2 Bxd5 25. Rxd5 Ne4 26. Rd7+ Rxd7 27.
Rxd7+ Qxd7 28. Nxd7 1-0

[Event "V Open A Carnevale"]
[Site "Milano ITA"]
[Date "2014.03.07"]
[Round "3"]
[White "Vezzosi, Paolo"]
[Black "Iudicello, Giovanni"]
[WhiteElo "2277"]
[BlackElo "2132"]
[Result "1-0"]
[PlyCount "61"]
[EventDate "2014.03.05"]

1. d4 Nf6 2. Nf3 g6 3. c4 Bg7 4. Nc3 O-O 5. e4 d6 6. Be2 e5 7. Be3 Ng4 8. Bg5
f6 9. Bh4 Nc6 10. d5 Ne7 11. Nd2 Nh6 12. f3 g5 13. Bf2 Ng6 14. g3 f5 15. c5 g4
16. fxg4 Nxg4 17. Bxg4 fxg4 18. O-O Qe7 19. cxd6 cxd6 20. Be3 Bd7 21. Qb3 b5
22. Rxf8+ Bxf8 23. a4 bxa4 24. Nxa4 Qe8 25. Qa3 Bxa4 26. Qxa4 Qb8 27. b4 Qb7
28. Qc6 Qb8 29. b5 Ne7 30. Qd7 a5 31. b6 1-0

[Event "V Open A Carnevale"]
[Site "Milano ITA"]
[Date "2014.03.08"]
[Round "4"]
[White "Battistella, Stefano"]
[Black "Popovich, Fabio"]
[WhiteElo "2063"]
[BlackElo "1923"]
[Result "0-1"]
[PlyCount "82"]
[EventDate "2014.03.05"]

1. Nf3 g6 2. c4 Bg7 3. Nc3 Nf6 4. g3 O-O 5. Bg2 d5 6. cxd5 Nxd5 7. O-O Nc6 8.
Qb3 Nb6 9. d3 Be6 10. Qd1 h6 11. Be3 Nd5 12. Nxd5 Bxd5 13. Qd2 Kh7 14. h4 a5
15. Bc5 a4 16. e4 Be6 17. e5 Bd5 18. Qe2 Ra5 19. Rac1 b6 20. Ba3 Bxf3 21. Bxf3
Nxe5 22. Bg2 c5 23. Rfd1 Qd4 24. h5 Rd8 25. hxg6+ fxg6 26. Be4 Ra7 27. Kg2 Qd7
28. f4 Ng4 29. f5 gxf5 30. Qxg4 fxe4 31. Qxe4+ Kh8 32. Qg6 Qd6 33. Qg4 Qd5+ 34.
Kh2 Qxa2 35. d4 Rxd4 36. Qc8+ Qg8 37. Qc6 Rad7 38. Rxd4 Rxd4 39. Qxb6 Rd2+ 40.
Kh3 Qc8+ 41. g4 Rd3+ 0-1

[Event "V Open A Carnevale"]
[Site "Milano ITA"]
[Date "2014.03.08"]
[Round "4"]
[White "Darvishi, Mahmood"]
[Black "Petrone, Gianmario"]
[WhiteElo "2057"]
[BlackElo "2006"]
[Result "0-1"]
[PlyCount "52"]
[EventDate "2014.03.05"]

1. e4 c5 2. Nf3 d6 3. d4 cxd4 4. Nxd4 Nf6 5. Nc3 a6 6. Bg5 Nbd7 7. f4 h6 8. Bh4
g5 9. fxg5 hxg5 10. Bxg5 Qb6 11. Nb3 Bg7 12. Be2 Rxh2 13. Rxh2 Qg1+ 14. Bf1
Qxh2 15. Qf3 Bh6 16. Bxh6 Qxh6 17. Nd2 Ne5 18. Qg3 Bg4 19. Qf2 Rc8 20. a4 Qg5
21. Ra3 Be6 22. Kd1 Rc5 23. Qd4 Neg4 24. Ne2 Qh4 25. Rf3 Nd7 26. Kc1 Qe1# 0-1

[Event "V Open A Carnevale"]
[Site "Milano ITA"]
[Date "2014.03.08"]
[Round "4"]
[White "Iudicello, Giovanni"]
[Black "Podetti, Davide"]
[WhiteElo "2132"]
[BlackElo "1824"]
[Result "1-0"]
[PlyCount "83"]
[EventDate "2014.03.05"]

1. e4 e5 2. Nf3 Nc6 3. Bb5 a6 4. Ba4 Nf6 5. O-O b5 6. Bb3 Be7 7. d3 d6 8. c3
O-O 9. Nbd2 Na5 10. Bc2 c5 11. h3 Qc7 12. Re1 Re8 13. Nf1 h6 14. Ng3 Bf8 15.
Nh2 g6 16. f4 Bg7 17. Qf3 Qe7 18. Rf1 Kh7 19. f5 Rf8 20. Ng4 Bd7 21. Qe3 Nxg4
22. hxg4 g5 23. Nh5 f6 24. Kf2 Be8 25. Nxg7 Kxg7 26. Rh1 Rh8 27. Bd1 Bf7 28.
Bf3 Qc7 29. Bd2 Nc6 30. Rh3 a5 31. a3 Rhb8 32. Rah1 Rh8 33. Kg3 Rab8 34. Qg1
Rh7 35. Qc1 b4 36. axb4 axb4 37. Bxg5 hxg5 38. Rxh7+ Kf8 39. R1h6 Qe7 40. Rh8+
Bg8 41. Rg6 Kf7 42. Qh1 1-0

[Event "V Open A Carnevale"]
[Site "Milano ITA"]
[Date "2014.03.08"]
[Round "4"]
[White "Motola, Jacopo"]
[Black "Nepi, Ezio"]
[WhiteElo "2062"]
[BlackElo "1935"]
[Result "0-1"]
[PlyCount "82"]
[EventDate "2014.03.05"]

1. e4 c5 2. c3 e6 3. d4 d5 4. e5 Nc6 5. Nf3 Qb6 6. a3 Nh6 7. b4 cxd4 8. cxd4
Nf5 9. Bb2 Bd7 10. g4 Nh6 11. h3 Be7 12. Bd3 f6 13. exf6 gxf6 14. Nc3 Qd8 15.
Qe2 Nf7 16. Rc1 Nd6 17. g5 f5 18. h4 Ne4 19. b5 Na5 20. Ne5 O-O 21. Qe3 Bd6 22.
Nxd7 Qxd7 23. f4 Rac8 24. Ne2 Rxc1+ 25. Qxc1 Rc8 26. Qd1 Nc4 27. Bc1 Qxb5 28.
O-O Qe8 29. Bxe4 dxe4 30. Ng3 Nb6 31. Qb3 Qf7 32. Bd2 Nd5 33. a4 e3 34. Bc1 Rc3
35. Qd1 Nxf4 36. Bb2 Rd3 37. Qb1 Rd2 38. Kh1 e2 39. Re1 Qc7 40. d5 Qc4 41. Kh2
Qxd5 0-1

[Event "V Open A Carnevale"]
[Site "Milano ITA"]
[Date "2014.03.08"]
[Round "4"]
[White "Pelizzola, Danilo"]
[Black "Vezzosi, Paolo"]
[WhiteElo "2121"]
[BlackElo "2277"]
[Result "0-1"]
[PlyCount "68"]
[EventDate "2014.03.05"]

1. e4 c5 2. Nf3 d6 3. d4 cxd4 4. Nxd4 Nf6 5. Nc3 a6 6. Be2 e5 7. Nb3 Nbd7 8. a4
b6 9. Be3 Bb7 10. O-O Nxe4 11. Nxe4 Bxe4 12. f4 Be7 13. Nd2 Bb7 14. Nc4 Qc7 15.
a5 b5 16. Nb6 Nxb6 17. axb6 Qc6 18. Bf3 e4 19. Bg4 d5 20. Qd2 O-O 21. f5 f6 22.
Qf2 Rac8 23. c3 Bc5 24. Kh1 Qxb6 25. Bxc5 Qxc5 26. Qh4 b4 27. cxb4 Qxb4 28. Bh5
Qd2 29. Qg3 Rc2 30. Rad1 Qg5 31. Qh3 Rfc8 32. Bg4 Rxb2 33. Qa3 Rcc2 34. Qd6 h5
0-1

[Event "V Open A Carnevale"]
[Site "Milano ITA"]
[Date "2014.03.08"]
[Round "4"]
[White "Sirena, Gianni"]
[Black "Guidi, Giacomo G."]
[WhiteElo "2028"]
[BlackElo "1999"]
[Result "0-1"]
[PlyCount "42"]
[EventDate "2014.03.05"]

1. e4 c5 2. Nf3 Nc6 3. d4 cxd4 4. Nxd4 Nf6 5. Nc3 e5 6. Ndb5 d6 7. Bg5 a6 8.
Na3 b5 9. Bxf6 gxf6 10. Nd5 Bg7 11. Bd3 Ne7 12. c4 f5 13. Nxe7 Qxe7 14. cxb5 d5
15. bxa6 O-O 16. Qa4 fxe4 17. Be2 Qg5 18. Kf1 e3 19. h4 Qf6 20. f3 e4 21. Rd1
d4 0-1

[Event "V Open A Carnevale"]
[Site "Milano ITA"]
[Date "2014.03.09"]
[Round "5"]
[White "Guidi, Giacomo G."]
[Black "Motola, Jacopo"]
[WhiteElo "1999"]
[BlackElo "2062"]
[Result "0-1"]
[PlyCount "76"]
[EventDate "2014.03.05"]

1. e4 e6 2. d3 d5 3. Nd2 c5 4. Ngf3 Nf6 5. g3 Nc6 6. Bg2 g6 7. O-O Bg7 8. c3
O-O 9. Qe2 b6 10. Ne1 Ba6 11. e5 Nd7 12. f4 Qc7 13. Ndf3 b5 14. Ng5 h6 15. Nxe6
fxe6 16. Qg4 Kf7 17. f5 Ndxe5 18. fxe6+ Kg8 19. Rxf8+ Rxf8 20. Qh3 Ne7 21. Bxh6
Bc8 22. d4 cxd4 23. cxd4 N5c6 24. Nf3 Nxd4 25. Ng5 Qe5 26. Bxg7 Qxg7 27. Re1
Ndf5 28. g4 Nd6 29. Rd1 Ne4 30. Bxe4 dxe4 31. Nf7 Qh7 32. Qb3 Bxe6 33. Nh6+
Qxh6 34. Qxe6+ Kh8 35. Qxe7 Qe3+ 36. Kg2 Qf3+ 37. Kg1 Qxd1+ 38. Kg2 Qf3+ 0-1

[Event "V Open A Carnevale"]
[Site "Milano ITA"]
[Date "2014.03.09"]
[Round "5"]
[White "Nepi, Ezio"]
[Black "Iudicello, Giovanni"]
[WhiteElo "1935"]
[BlackElo "2132"]
[Result "1-0"]
[PlyCount "79"]
[EventDate "2014.03.05"]

1. d4 Nf6 2. c4 g6 3. Nc3 Bg7 4. e4 d6 5. Be2 O-O 6. Nf3 e5 7. O-O Nc6 8. d5
Ne7 9. b4 Ne8 10. Re1 h6 11. c5 f5 12. Nd2 Rf7 13. f3 f4 14. Nc4 g5 15. Ba3 Bf8
16. b5 Rg7 17. Qb3 Ng6 18. cxd6 cxd6 19. b6 a6 20. Na5 h5 21. Rac1 g4 22. Rc2
Nh4 23. Na4 Qg5 24. Bd1 gxf3 25. Bxf3 Bg4 26. Kh1 Rb8 27. Qd3 Rc8 28. Rd2 Nf6
29. Nb2 Nxf3 30. gxf3 Bh3 31. Qe2 Kh8 32. Nbc4 Rd8 33. Qf2 Bc8 34. Rg1 Ng4 35.
fxg4 hxg4 36. Rg2 Be7 37. Rd3 Rh7 38. Kg1 Qh5 39. Kf1 Bh4 40. Qg1 1-0

[Event "V Open A Carnevale"]
[Site "Milano ITA"]
[Date "2014.03.09"]
[Round "5"]
[White "Podetti, Davide"]
[Black "Battistella, Stefano"]
[WhiteElo "1824"]
[BlackElo "2063"]
[Result "1/2-1/2"]
[PlyCount "65"]
[EventDate "2014.03.05"]

1. e4 e5 2. Nf3 Nf6 3. Nxe5 d6 4. Nf3 Nxe4 5. d4 d5 6. Bd3 Be7 7. O-O Nc6 8. c3
O-O 9. Re1 Bf5 10. Qc2 Bg6 11. b4 a6 12. Nbd2 f5 13. a3 b5 14. a4 Rb8 15. axb5
axb5 16. Ra6 Be8 17. Nb3 Qc8 18. Ra1 Bd6 19. Nc5 Nd8 20. Qb3 Bf7 21. Ng5 Nxg5
22. Bxg5 h6 23. Be7 Nc6 24. Bxf8 Bxf8 25. Qc2 g6 26. Rad1 Bd6 27. Qe2 Ne7 28.
Bxb5 c6 29. Ba6 Qc7 30. Ne6 Qd7 31. Nc5 Qc7 32. Ne6 Qd7 33. Nc5 1/2-1/2

[Event "V Open A Carnevale"]
[Site "Milano ITA"]
[Date "2014.03.09"]
[Round "5"]
[White "Popovich, Fabio"]
[Black "Darvishi, Mahmood"]
[WhiteElo "1923"]
[BlackElo "2057"]
[Result "1-0"]
[PlyCount "145"]
[EventDate "2014.03.05"]

1. c4 e6 2. g3 d5 3. Bg2 Nf6 4. Nf3 c5 5. O-O Nc6 6. b3 d4 7. e3 e5 8. exd4
exd4 9. d3 Be7 10. Na3 O-O 11. Nc2 h6 12. a3 a5 13. Rb1 Bg4 14. h3 Bh5 15. Bf4
Qd7 16. Rb2 Rfe8 17. Kh2 Bf8 18. Re1 Rxe1 19. Ncxe1 Re8 20. Re2 Re6 21. Nc2 Qe8
22. Rxe6 fxe6 23. Qe1 Bg6 24. Qe2 Nd7 25. Bc1 e5 26. Nd2 Nf6 27. Ne4 Qd8 28. f4
Nd7 29. Qg4 Kh7 30. Qe6 exf4 31. Bxf4 Nf6 32. Ne1 Nxe4 33. Bxe4 Bxe4 34. Qxe4+
g6 35. Nf3 Bg7 36. Nh4 Qf6 37. Kg2 Bf8 38. Nf3 Bd6 39. Bxd6 Qxd6 40. Qe8 Kg7
41. Kf2 Ne7 42. Nd2 b6 43. Ne4 Qe6 44. Kg2 Qf7 45. Qb5 Qe6 46. Qe8 h5 47. Kh2
Qe5 48. Kg2 Qe6 49. h4 Qf7 50. Qb8 Nf5 51. Qe5+ Kf8 52. Qh8+ Ke7 53. Qe5+ Kd7
54. Nf6+ Kc8 55. Nd5 Kb7 56. Qe4 Ka7 57. Qe5 Qb7 58. Kh2 Qc6 59. a4 Ka6 60.
Nc7+ Kb7 61. Nd5 Qd6 62. Qxd6 Nxd6 63. Nf4 Nf5 64. Nxg6 Ne3 65. Nf4 Nf1+ 66.
Kg2 Ne3+ 67. Kf3 Kc6 68. Ng6 Kd6 69. Kf4 Ng4 70. Kg5 Ne3 71. Kxh5 Nc2 72. Kg5
Na1 73. h5 1-0

[Event "V Open A Carnevale"]
[Site "Milano ITA"]
[Date "2014.03.09"]
[Round "5"]
[White "Vezzosi, Paolo"]
[Black "Petrone, Gianmario"]
[WhiteElo "2277"]
[BlackElo "2006"]
[Result "1-0"]
[PlyCount "67"]
[EventDate "2014.03.05"]

1. d4 Nf6 2. Nf3 g6 3. Bf4 Bg7 4. e3 d5 5. c4 O-O 6. Nc3 c5 7. dxc5 Qa5 8. Rc1
Rd8 9. Qb3 Qxc5 10. cxd5 Nxd5 11. Bc4 Nc6 12. Nxd5 Rxd5 13. O-O Na5 14. Qa4
Nxc4 15. Qe8+ Bf8 16. Bh6 e6 17. e4 Rh5 18. Rxc4 Qe7 19. Qxf8+ Qxf8 20. Bxf8
Kxf8 21. Rd1 Ke8 22. e5 Bd7 23. g4 Rh6 24. Rc7 Bc6 25. Ng5 Rh4 26. f3 h5 27. h3
hxg4 28. fxg4 Bd5 29. Kf2 Rh8 30. Kg3 Rf8 31. Nh7 Kd8 32. Rxb7 Rh8 33. Rxf7 Rb8
34. Rxa7 1-0

[Event "V Open A Carnevale"]
[Site "Milano ITA"]
[Date "2014.03.09"]
[Round "6"]
[White "Battistella, Stefano"]
[Black "Sirena, Gianni"]
[WhiteElo "2063"]
[BlackElo "2028"]
[Result "1/2-1/2"]
[PlyCount "58"]
[EventDate "2014.03.05"]

1. d4 Nf6 2. c4 c5 3. d5 b5 4. cxb5 a6 5. Nc3 axb5 6. e4 b4 7. Nb5 d6 8. Bd3 g6
9. Nf3 Bg7 10. O-O O-O 11. h3 Nbd7 12. Qe2 Ba6 13. Bf4 Qb6 14. a4 bxa3 15. Nxa3
Bxd3 16. Qxd3 Nh5 17. Bc1 Rfb8 18. g4 Nhf6 19. Nc4 Qb5 20. Rxa8 Rxa8 21. Bf4
Nb6 22. Nfd2 Nfd7 23. Kg2 Ra4 24. b3 Ra3 25. Rb1 Qa6 26. Be3 Ra1 27. Rxa1 Bxa1
28. f4 Nxc4 29. Qxc4 Qxc4 1/2-1/2

[Event "V Open A Carnevale"]
[Site "Milano ITA"]
[Date "2014.03.09"]
[Round "6"]
[White "Darvishi, Mahmood"]
[Black "Motola, Jacopo"]
[WhiteElo "2057"]
[BlackElo "2062"]
[Result "1-0"]
[PlyCount "77"]
[EventDate "2014.03.05"]

1. e4 c5 2. c3 Nf6 3. e5 Nd5 4. d4 cxd4 5. cxd4 e6 6. a3 d6 7. Nf3 Nc6 8. Bd3
Be7 9. O-O O-O 10. Re1 Bd7 11. b4 Rc8 12. Bb2 Qb6 13. Nbd2 dxe5 14. dxe5 Rfd8
15. Rc1 a6 16. Nc4 Qc7 17. Be4 b5 18. Na5 Qb6 19. Nb3 Be8 20. Qe2 g6 21. g3 Rc7
22. Red1 a5 23. Bxd5 Rxd5 24. Rxd5 exd5 25. bxa5 Nxa5 26. Nxa5 Rxc1+ 27. Bxc1
Qxa5 28. Qd3 b4 29. axb4 Bxb4 30. Bb2 Qa2 31. Bd4 Qc4 32. Qe3 Bb5 33. h3 Qf1+
34. Kh2 Bd7 35. e6 Bxe6 36. Ng5 Qe1 37. Qf4 Kf8 38. Nxe6+ Qxe6 39. Qb8+ 1-0

[Event "V Open A Carnevale"]
[Site "Milano ITA"]
[Date "2014.03.09"]
[Round "6"]
[White "Iudicello, Giovanni"]
[Black "Popovich, Fabio"]
[WhiteElo "2132"]
[BlackElo "1923"]
[Result "1/2-1/2"]
[PlyCount "101"]
[EventDate "2014.03.05"]

1. e4 g6 2. d4 Bg7 3. Nc3 d6 4. f4 a6 5. Nf3 b5 6. Bd3 Nd7 7. d5 Bb7 8. O-O Nh6
9. Qe1 c6 10. dxc6 Bxc6 11. a4 b4 12. Nd1 Rb8 13. Kh1 a5 14. f5 Ng4 15. Qh4
Nde5 16. Nxe5 Nxe5 17. Bh6 O-O 18. Bxg7 Kxg7 19. Ne3 b3 20. Nd1 Qd7 21. Nc3
bxc2 22. Bxc2 Rxb2 23. f6+ exf6 24. Qxf6+ Kg8 25. Bd1 Rb4 26. Bc2 Rc4 27. Ra3
Qe6 28. Qf2 Qe7 29. h3 d5 30. Rb3 dxe4 31. Qb6 Ra8 32. Qe3 Nd7 33. Rbb1 Nc5 34.
Bb3 Nxb3 35. Rxb3 Bxa4 36. Nd5 Qh4 37. Nf6+ Kg7 38. Rb7 Rf8 39. Qe2 Rc2 40. Qe3
Rc6 41. Nxe4 Kg8 42. Qd4 Bc2 43. Nf6+ Rxf6 44. Qxh4 Rxf1+ 45. Kh2 Bf5 46. Qa4
Rc1 47. Qxa5 Rfc8 48. Rb2 R1c5 49. Qe1 h5 50. Qe3 Rc3 51. Qe5 1/2-1/2

[Event "V Open A Carnevale"]
[Site "Milano ITA"]
[Date "2014.03.09"]
[Round "6"]
[White "Nepi, Ezio"]
[Black "Vezzosi, Paolo"]
[WhiteElo "1935"]
[BlackElo "2277"]
[Result "0-1"]
[PlyCount "34"]
[EventDate "2014.03.05"]

1. d4 d5 2. c4 dxc4 3. Nf3 a6 4. e3 Bg4 5. Bxc4 e6 6. O-O Nc6 7. Nc3 Nf6 8. a3
Bd6 9. e4 Bxf3 10. gxf3 e5 11. d5 Ne7 12. Qe2 Nd7 13. f4 exf4 14. Qh5 Ng6 15.
Ne2 Qf6 16. Qf5 Qh4 17. Nd4 Ne7 0-1

[Event "V Open A Carnevale"]
[Site "Milano ITA"]
[Date "2014.03.09"]
[Round "6"]
[White "Petrone, Gianmario"]
[Black "Podetti, Davide"]
[WhiteElo "2006"]
[BlackElo "1824"]
[Result "1/2-1/2"]
[PlyCount "37"]
[EventDate "2014.03.05"]

1. e4 e5 2. Nf3 Nc6 3. Bc4 Bc5 4. c3 Nf6 5. d3 d6 6. Bb3 Be6 7. O-O O-O 8. Nbd2
d5 9. exd5 Bxd5 10. Nc4 e4 11. dxe4 Bxe4 12. Bg5 Qxd1 13. Raxd1 Bxf3 14. gxf3
Rad8 15. Bxf6 gxf6 16. Rxd8 Rxd8 17. Rd1 Rxd1+ 18. Bxd1 Ne5 19. Nxe5 1/2-1/2

[Event "V Open B Carnevale"]
[Site "Milano ITA"]
[Date "2014.03.05"]
[Round "1"]
[White "Alidosi, Marco"]
[Black "Rigotti, Gianluigi"]
[WhiteElo "1752"]
[BlackElo "1587"]
[Result "1-0"]
[PlyCount "85"]
[EventDate "2014.03.05"]

1. d4 Nf6 2. c4 e6 3. Nc3 c6 4. e4 Bb4 5. Qc2 d5 6. Bd2 Bxc3 7. Bxc3 Nxe4 8.
Bb4 Qb6 9. Ba3 Qxd4 10. Rd1 Qb6 11. f3 Qe3+ 12. Qe2 Qxe2+ 13. Bxe2 Nf6 14. Nh3
b6 15. O-O c5 16. b4 Nbd7 17. Nf4 e5 18. Nxd5 Nxd5 19. cxd5 O-O 20. bxc5 Nxc5
21. Rc1 Nd7 22. Bxf8 Kxf8 23. Bb5 Nc5 24. Rfd1 a6 25. Bc6 Rb8 26. d6 Be6 27.
Bd5 Bd7 28. Rb1 Na4 29. Rdc1 Rc8 30. Rc7 Ke8 31. Rxc8+ Bxc8 32. Bc6+ Bd7 33.
Bxa4 Bxa4 34. Rxb6 Bb5 35. Rb7 Bc4 36. a3 Kd8 37. Kf2 Kc8 38. Re7 Be6 39. Ke3
Bd5 40. Kd3 Ba2 41. Kc3 a5 42. Rxe5 Kd7 43. Rxa5 1-0

[Event "V Open B Carnevale"]
[Site "Milano ITA"]
[Date "2014.03.05"]
[Round "1"]
[White "Carli, Federico"]
[Black "Mazzoccoli, Simone"]
[WhiteElo "1559"]
[BlackElo "1752"]
[Result "1/2-1/2"]
[PlyCount "45"]
[EventDate "2014.03.05"]

1. e4 c5 2. c3 Nf6 3. e5 Nd5 4. d4 cxd4 5. cxd4 d6 6. Nf3 Nc6 7. Bc4 Nb6 8. Bb5
dxe5 9. Nxe5 Bd7 10. Nxd7 Qxd7 11. Nc3 e6 12. O-O Be7 13. Be3 O-O 14. Rc1 Rac8
15. Qf3 a6 16. Bxc6 Qxc6 17. Ne4 Qd5 18. Ng5 Bxg5 19. Qxd5 Nxd5 20. Bxg5 h6 21.
Be3 Nb4 22. a3 Nd5 23. Bd2 1/2-1/2

[Event "V Open B Carnevale"]
[Site "Milano ITA"]
[Date "2014.03.05"]
[Round "1"]
[White "Casamassima, Paolo"]
[Black "Fantina, Carla"]
[WhiteElo "1690"]
[BlackElo "1437"]
[Result "1-0"]
[PlyCount "61"]
[EventDate "2014.03.05"]

1. d4 Nf6 2. c4 g6 3. g3 Bg7 4. Bg2 O-O 5. Nf3 d6 6. Nc3 c6 7. O-O Nbd7 8. Re1
Nb6 9. b3 Bd7 10. e4 Qc8 11. Ba3 Bg4 12. Qd3 a5 13. Rac1 a4 14. b4 Bh3 15. c5
Bxg2 16. Kxg2 dxc5 17. bxc5 Nbd7 18. d5 Ng4 19. Qe2 Nde5 20. h3 Nxf3 21. Qxf3
Ne5 22. Qe2 f5 23. f4 Nf7 24. e5 g5 25. e6 Nd8 26. fxg5 Qb8 27. d6 f4 28. Rf1
fxg3 29. dxe7 Rxf1 30. Rxf1 Qc7 31. e8=Q+ 1-0

[Event "V Open B Carnevale"]
[Site "Milano ITA"]
[Date "2014.03.05"]
[Round "1"]
[White "Greco, Giovanni"]
[Black "Aloe, Giancarlo"]
[WhiteElo "1425"]
[BlackElo "1672"]
[Result "0-1"]
[PlyCount "68"]
[EventDate "2014.03.05"]

1. d4 d5 2. c4 c6 3. Nc3 Nf6 4. Nf3 Nbd7 5. Bg5 e6 6. e3 Qa5 7. a3 Ne4 8. Qc2
Nxg5 9. Nxg5 dxc4 10. Nf3 b5 11. Be2 Be7 12. O-O O-O 13. Rfb1 Qc7 14. a4 b4 15.
Ne4 Bb7 16. Bxc4 a5 17. Rd1 Rac8 18. Qb3 c5 19. Ned2 Nf6 20. Qd3 Rcd8 21. Qe2
Nd5 22. Rac1 Qb6 23. Nb3 cxd4 24. Nbxd4 Bf6 25. Rc2 g6 26. Rdc1 Rc8 27. Nb5 Bg7
28. Bxd5 Rxc2 29. Rxc2 Bxd5 30. Rc7 Bb3 31. Nfd4 Bxd4 32. exd4 Bxa4 33. Rc5 Rd8
34. Qd3 Qxc5 0-1